00924nam a2200277 a 4500001001000000003000900010005001700019008002900036020001500065040002500080082002800105100004300133245006200176246002400238260003900262300002100301590002600322650002100348650002400369650002400393650002700417910004100444942001200485952013200497999001700629000009300DO-SdBNP20230706093714.0090929t2002 dr 000 p spa d a9993489808 aDO-SdBNPbspacBPMSU aRD868.44bJ86t 20022221 aJovine Bermúdez, Federicod1944-201710aPoesía, cuentos, ensayos /cFederico Jovine Bermúdez.14aTextos en contexto  aSanto Domingo :fUniversal,c2002. a156 p. ;c21 cm. 6Inventariado, 2023/VM 4aProsa dominicana 4aPoesía dominicana 4aCuentos dominicanos 4aLiteratura dominicana. aVMateo V. Control de calidad (BPMSU) 2ddccBK 00102ddc40708CDaBPMETbBPMETd2023-07-06eFUNDIl0oBPMSU CD RD868.44 J86t 2002pBPMSU23070012r2023-07-06w2023-07-06yBK c14403d14403